1911 1668 1430 1240 1272 1308 1510 1967 1518 1151 1451 1592 1460 1969 1974 1395 1290 1818 1567 1731 1027 1143 1635 1897 1832 1355 1007 1221 1091 1319 1316 1949 1777 1327 1825 1181 1096 1390 1435 1885 1336 1549 1186 1811 1960 1343 1844 1882 1058 1963 1266 1735 1469 1093 1413 1170 1217 1092 1488 1683 1031 1723 1317 1495 1813 1257 1601 1441 1118 1975 1513 1279 1863 1134 1274 1799 1843 1181 1125 1534 1133 1017 1784 1805 1993 1433 1923 1236 1083 1136 1187 1664 1456 1189 1520 1520 1515 1388 1996 BCNSPRNW ULIB Ver.6.0+V

เปลี่ยนเป็นภาษาไทย

Change to English
 แสดงรายละเอียดบรรณานุกรม
  กลับหน้าหลัก

Brief Record : Get Marc (ISO 2709) : E-mail record : QR code < ปิดหน้าต่าง
LEADER : 00000nam 2200000uu 4500
001    13399128941
003     ULIB
008    020711s2023 th a 000 0 eng d
020    ^a9780323872300
060    ^aWQ160^bS243T
100    ^aSarah Esegbona-Adeigbe
245    ^aTranscultural Midwifery Practice: Concepts, Care and Challenges/^cSarah Esegbona-Adeigbe
250    ^a1st ed
260    ^aphiladelphia :^bElsevier,^c2023
300    ^a189 pages;^c21 cm
650    ^aMidwifery Practice
945    ^p1037^l0^i011195
999    ^aประนอม เกษจรัล
รายการนี้ยังไม่มีแท็ก
คุณยังไม่ได้ล็อกอิน คุณสามารถมีกิจกรรมร่วมกับเว็บไซต์ได้ แต่ต้องล็อกอินก่อน ::
  ล็อกอิน

รายการสื่อสารสนเทศ

ลำดับที่ ประเภท เลขเรียก/บาร์โค้ด สถานที่ สถานะ
1. วิทยาศาสตร์การแพทย์ และสุขภาพ
หนังสือสำรอง
สถานะ=หนังสือสำรอง
WQ160 S243T ฉ.1 
  Barcode: 011195
ห้องสมุดวิทยาเขตสวรรค์ประชารักษ์
►หนังสือทั่วไป
บนชั้น

BibComment


ยังไม่เคยถูกคอมเมนท์

คอมเมนท์ทรัพยากรรายการนี้
  คอมเมนท์: Transcultural Mi..


 Copyright 2026. Bcnsprnw @Library